000 00996nam a2200277 a 4500
999 _c397384
_d397384
003 BLK
005 20231121142905.0
008 210208b bu |||||r|||| 00| 0 bu d
040 _aBLK
041 _aBUL
_cBUL
080 _aТеатрална музика. Опера. Оперета. Балет
_b782
_z782
245 _aТравиата
_bопера в три действия
_cДжузепе Верди, либрето Франческо Пиаве
260 _9440559
_aСофия
_bНационална опера - София
_c1996
300 _a55с
_c31 см
380 _a7
650 7 _9165008
_aОпера
650 7 _9159735
_aКритика
653 7 _aопера
_9192829
700 1 _aВерди, Джузепе
_947626
700 _9653
_aПиаве, Франческо Мариа
_eлибрето
852 _aЦб ІІ 8677
_bЦб
942 _cKNG
_n0
_s1
944 _aCR
_c2021-02-08
_k30560
_lГеновева Генчева
999 _d397384
999 _d397384